[Event "Top Jeunes"]
[Site "Montpellier"]
[Date "2010.11.21"]
[Round "1.1"]
[White "Neri, Jean-Baptiste"]
[Black "Tobitt-Jupillat, Eric"]
[Result "1-0"]
[WhiteElo "2063"]
[BlackElo "1605"]
[PlyCount "119"]
[EventDate "2010.11.21"]

1. e4 e5 2. Nf3 Nc6 3. Bb5 a6 4. Ba4 Nf6 5. d3 d6 6. c3 b5 7. Bc2 Be7 8. Nbd2
O-O 9. O-O Bg4 10. h3 Bh5 11. Re1 d5 12. Nf1 dxe4 13. dxe4 Qxd1 14. Rxd1 Rfd8
15. Be3 Rxd1 16. Rxd1 Bd6 17. Ng3 Bg6 18. Nh4 Ne7 19. Bg5 h6 20. Bxf6 gxf6 21.
Bb3 Kg7 22. Nhf5+ Bxf5 23. exf5 Kf8 24. Ne4 Nxf5 25. g4 Ng7 26. Nxd6 cxd6 27.
Rxd6 Ke7 28. Rb6 Ra7 29. a4 bxa4 30. Bxa4 Ne6 31. Rb8 Nd8 32. Rc8 Rb7 33. b4
Ra7 34. Rc5 Kd6 35. Bb3 Rc7 36. Rxc7 Kxc7 37. Bc4 Kb6 38. Kg2 a5 39. bxa5+ Kxa5
40. Kg3 Kb6 41. Kh4 Kc5 42. Bb3 Kd6 43. Kh5 e4 44. Kxh6 Ke5 45. Bd1 f5 46. gxf5
Kxf5 47. h4 Kf6 48. h5 Nc6 49. Kh7 Ne7 50. Bc2 Kg5 51. Bd1 Kf6 52. c4 Nc6 53.
h6 Ne7 54. c5 Ke6 55. Bb3+ Kf6 56. Bc2 Ke5 57. c6 Nxc6 58. Kg7 Ne7 59. h7 Ng6
60. Kxf7 1-0

[Event "Top Jeunes"]
[Site "Montpellier"]
[Date "2010.11.21"]
[Round "1.2"]
[White "Mamecier, Kevin"]
[Black "Giroyan, Gary"]
[Result "0-1"]
[WhiteElo "1410"]
[BlackElo "2258"]
[PlyCount "84"]

1. e4 c5 2. Nf3 d6 3. h3 Nf6 4. Bb5+ Nc6 5. Bxc6+ bxc6 6. d3 e5 7. O-O Be7 8.
Nc3 O-O 9. b3 h6 10. Bb2 Be6 11. Re1 Qd7 12. Kh2 Rae8 13. Ne2 Nh5 14. Bc1 f5
15. Rf1 Rf7 16. Nc3 Nf6 17. Bb2 Ref8 18. Bc1 Nh7 19. Be3 fxe4 20. Nxe4 Bxh3 21.
Ng3 Rxf3 22. gxh3 Bg5 23. Qe2 Bxe3 24. fxe3 Ng5 25. Qg2 d5 26. Rae1 e4 27. Re2
Qxh3+ 28. Qxh3 Nxh3 29. Kxh3 Rxf1 30. Nxf1 Rxf1 31. dxe4 dxe4 32. Kg2 Rf3 33.
c3 Kf7 34. Rf2 Rxf2+ 35. Kxf2 g5 36. a3 h5 37. b4 Ke6 38. c4 cxb4 39. axb4 c5
40. bxc5 Kd7 41. Ke2 Kc6 42. Kd2 h4 0-1

[Event "Top Jeunes"]
[Site "Montpellier"]
[Date "2010.11.21"]
[Round "1.3"]
[White "Lamard, Guillaume"]
[Black "Baudry, Remi"]
[Result "1/2-1/2"]
[WhiteElo "2152"]
[BlackElo "1619"]
[PlyCount "120"]

1. g3 d5 2. Nf3 Nf6 3. b3 c5 4. Bg2 Nc6 5. Bb2 Qc7 6. O-O e5 7. d3 Be6 8. c4 h6
9. e3 Be7 10. Nc3 a6 11. cxd5 Nxd5 12. Nxd5 Bxd5 13. Qe2 O-O 14. Rac1 Rad8 15.
Rfd1 Rfe8 16. Qf1 Bf8 17. Rd2 Be6 18. Rcd1 Bg4 19. h3 Bh5 20. g4 Bg6 21. Nh4
Bh7 22. Nf5 Ne7 23. Ng3 f5 24. d4 cxd4 25. exd4 exd4 26. Bxd4 fxg4 27. hxg4 Nc6
28. Qc4+ Kh8 29. Nf5 Bxf5 30. gxf5 Qe7 31. Bxc6 bxc6 32. Qxc6 Qg5+ 33. Qg2 Re1+
34. Rxe1 Qxd2 35. Bxg7+ Bxg7 36. Qe4 Qd5 37. Qxd5 Rxd5 38. Re8+ Kh7 39. f6 Bxf6
40. Re6 Bd8 41. Rxa6 Ra5 42. Rxa5 Bxa5 43. a3 Bc3 44. b4 Bb2 45. a4 Ba3 46. b5
Bb4 47. b6 Ba5 48. b7 Bc7 49. a5 Bb8 50. a6 Kg6 51. Kg2 Kg5 52. Kh3 Ba7 53. f3
Kf4 54. Kh4 Kxf3 55. Kh5 Ke4 56. Kxh6 Kd5 57. Kg6 Kc6 58. Kf6 Kb6 59. Ke6 Kxa6
60. Kd7 Kxb7 1/2-1/2

[Event "Top Jeunes"]
[Site "Montpellier"]
[Date "2010.11.21"]
[Round "1.4"]
[White "Bourgery, William"]
[Black "Froment, Theophile"]
[Result "1/2-1/2"]
[WhiteElo "1575"]
[BlackElo "1877"]
[PlyCount "67"]

1. e4 e6 2. d4 d5 3. exd5 exd5 4. Nf3 Bd6 5. Bd3 Nc6 6. O-O Bg4 7. c3 Nge7 8.
Nbd2 Qd7 9. Re1 O-O 10. Qc2 Bf5 11. Nf1 Rfe8 12. Bd2 Bg6 13. Ne3 Bxd3 14. Qxd3
Ng6 15. g3 Bf8 16. b3 Rad8 17. Kg2 Be7 18. Nf5 Bf6 19. h4 Nf8 20. h5 Ne7 21.
Nxe7+ Rxe7 22. Rxe7 Qxe7 23. Re1 Qd7 24. Ne5 Bxe5 25. Rxe5 Re8 26. Rxe8 Qxe8
27. Qf3 Qd7 28. h6 Ng6 29. hxg7 Kxg7 30. Qh5 Qe6 31. Qh6+ Kg8 32. Qe3 Qxe3 33.
Bxe3 Nf8 34. Kf3 1/2-1/2

[Event "Top Jeunes"]
[Site "Montpellier"]
[Date "2010.11.21"]
[Round "1.5"]
[White "Meunier, Clement"]
[Black "Ferrari, Louis"]
[Result "0-1"]
[WhiteElo "1841"]
[BlackElo "1608"]
[PlyCount "125"]

1. e4 c6 2. d4 d5 3. Nc3 dxe4 4. Nxe4 Bf5 5. Ng3 Bg6 6. h4 h6 7. h5 Bh7 8. Nf3
Nd7 9. Bd3 Bxd3 10. Qxd3 e6 11. Bf4 Ngf6 12. O-O-O Qb6 13. Ne5 Be7 14. Rhe1
Nxe5 15. Bxe5 O-O-O 16. Qf3 Qa5 17. Kb1 Qd5 18. Ne4 Nxe4 19. Rxe4 f5 20. Re3
Qxf3 21. gxf3 Rhg8 22. Bh2 Bf6 23. c3 Rge8 24. Rde1 Kd7 25. Be5 Bxe5 26. dxe5
Ke7 27. f4 Rd7 28. Rg3 Kf8 29. Rg6 Rd3 30. Re3 Rd1+ 31. Kc2 Rh1 32. Rd3 Re7 33.
Rd8+ Kf7 34. Rh8 Rxh5 35. Rg3 Rh2 36. Kb3 Rxf2 37. Rh7 Kg8 38. Rxh6 Rxf4 39.
Rhg6 Re4 40. a4 Rxe5 41. Kb4 a5+ 42. Kc4 Re4+ 43. Kc5 Rd7 44. b3 Re5+ 45. Kb6
f4 46. Rg2 f3 47. Rf2 Rf7 48. b4 axb4 49. cxb4 Re1 50. Kc5 e5 51. Re6 Rf5 52.
Kd6 Re2 53. Rf1 f2 54. Re8+ Kf7 55. Re7+ Kg6 56. Re6+ Kg5 57. Re7 g6 58. a5 Re1
59. Rxb7 Rxf1 60. a6 Ra1 61. Ra7 f1=Q 62. Kxc6 Qf3+ 63. Kc7 0-1

[Event "Top Jeunes"]
[Site "Montpellier"]
[Date "2010.11.21"]
[Round "1.6"]
[White "Baudry, Emilien"]
[Black "Raynaud, Jean-Philippe"]
[Result "1/2-1/2"]
[WhiteElo "1559"]
[BlackElo "1620"]
[PlyCount "66"]

1. d4 d5 2. Nf3 c6 3. e3 Bg4 4. Nbd2 Nf6 5. Bd3 e6 6. O-O Bd6 7. Re1 e5 8. dxe5
Bxe5 9. h3 Bxf3 10. Nxf3 Nbd7 11. e4 d4 12. Bc4 b5 13. Bb3 Qa5 14. Ng5 O-O 15.
f4 Bc7 16. e5 Nd5 17. Bd2 Qb6 18. Kh1 Nc5 19. Qf3 Rad8 20. Ne4 Rfe8 21. Ng5 h6
22. Ne4 a5 23. Bxa5 Qxa5 24. Nxc5 Qb6 25. Ne4 Ne3 26. Qg3 Kf8 27. Rxe3 dxe3 28.
Nf6 Re7 29. Nh7+ Kg8 30. Qg6 e2 31. Re1 Qf2 32. Nf6+ Kf8 33. Nh7+ Kg8 1/2-1/2

[Event "Top Jeunes"]
[Site "Montpellier"]
[Date "2010.11.21"]
[Round "1.8"]
[White "Bergougnoux, Axel"]
[Black "Marcenac, Delphine"]
[Result "1-0"]
[WhiteElo "1360"]
[BlackElo "1290"]
[PlyCount "83"]

1. e4 e5 2. Nf3 Nc6 3. Nc3 Nf6 4. d4 d6 5. dxe5 dxe5 6. Qxd8+ Kxd8 7. Bc4 Be6
8. Bb3 Na5 9. Bxe6 fxe6 10. O-O Bb4 11. a3 Bxc3 12. bxc3 Nxe4 13. Nxe5 Rf8 14.
Bb2 c6 15. Rad1+ Kc8 16. f3 Rf5 17. fxe4 Rxf1+ 18. Rxf1 Kc7 19. Rf7+ Kd6 20.
Nf3 Nc4 21. Bc1 h6 22. Bf4+ e5 23. Bg3 g5 24. Rf6+ Ke7 25. Rxh6 g4 26. Nxe5
Nxa3 27. Rh7+ Kf6 28. Rxb7 c5 29. Rb3 Nxc2 30. Nxg4+ Kg5 31. h3 c4 32. Rb5+ Kg6
33. e5 Re8 34. Ra5 Re7 35. Bh4 Rc7 36. e6 Rc8 37. e7 Re8 38. Rxa7 Kf7 39. Rd7
Na3 40. Rd8 Nb5 41. Ne5+ Ke6 42. Rxe8 1-0

[Event "Top Jeunes"]
[Site "Montpellier"]
[Date "2010.11.21"]
[Round "1.9"]
[White "Marcenac, Delphine"]
[Black "Mautin, Arthur"]
[Result "0-1"]
[WhiteElo "1290"]
[BlackElo "1430"]
[PlyCount "86"]

1. e4 c6 2. Nc3 d5 3. exd5 cxd5 4. d4 Nf6 5. Nf3 Bg4 6. Be2 Nc6 7. Bf4 e6 8.
O-O Bd6 9. Bxd6 Qxd6 10. h3 Bh5 11. Qd2 O-O 12. Nb5 Qb4 13. c3 Ne4 14. cxb4
Nxd2 15. Nxd2 Bxe2 16. Nc7 Bxf1 17. Nxa8 Bd3 18. b5 Nxd4 19. Nc7 Rc8 20. Nb3
Nxb3 21. axb3 Rxc7 22. b6 Rc8 23. bxa7 Ra8 24. Rc1 h6 25. Ra1 Ba6 26. f4 Rxa7
27. b4 b5 28. g4 Ra8 29. h4 Bb7 30. Re1 Ra4 31. Rf1 Rxb4 32. h5 Rxb2 33. g5
hxg5 34. fxg5 d4 35. Rd1 Rg2+ 36. Kf1 Rxg5 37. Rxd4 Rxh5 38. Rb4 Rc5 39. Kf2 f5
40. Ke3 Bd5 41. Kd4 Rc4+ 42. Rxc4 Bxc4 43. Kc3 f4 0-1

[Event "Top Jeunes"]
[Site "Montpellier"]
[Date "2010.11.21"]
[Round "1.10"]
[White "Hebert, Floriane"]
[Black "Bergougnoux, Axel"]
[Result "1-0"]
[WhiteElo "1419"]
[BlackElo "1360"]
[PlyCount "81"]

1. e4 d5 2. exd5 Nf6 3. Nf3 c6 4. dxc6 Nxc6 5. Bb5 Bf5 6. d3 e5 7. O-O Bc5 8.
Nxe5 O-O 9. Nxc6 bxc6 10. Bxc6 Rc8 11. Bf3 Re8 12. Bg5 Rc7 13. Nc3 Bb4 14. Nd5
Rc6 15. Nxb4 Rce6 16. Nd5 Qd6 17. Nxf6+ Rxf6 18. Bxf6 Qxf6 19. b4 Qg6 20. g3
Bh3 21. Re1 Rf8 22. Bh5 Qc6 23. Bf3 Qc7 24. Qe2 Qd8 25. Qe7 Qc8 26. c4 h6 27.
Bg2 Be6 28. Qxa7 Qb8 29. Qxb8 Rxb8 30. b5 Bf5 31. Red1 Kf8 32. a4 Ke7 33. a5
Kd7 34. a6 Kc7 35. a7 Rd8 36. a8=Q Rxa8 37. Rxa8 Kb6 38. d4 Bc2 39. Rd2 Bb3 40.
c5+ Kc7 41. d5 1-0

[Event "Top Jeunes"]
[Site "Montpellier"]
[Date "2010.11.21"]
[Round "1.1"]
[White "Cabanes, Kim"]
[Black "Gelas, Christophe"]
[Result "0-1"]
[WhiteElo "1990"]
[BlackElo "2007"]
[PlyCount "74"]

1. d4 d5 2. Bf4 c5 3. c3 Nc6 4. e3 Nf6 5. Nd2 Bf5 6. Ngf3 g6 7. Qb3 Na5 8. Bb5+
Bd7 9. Qa4 a6 10. Bxd7+ Nxd7 11. dxc5 Nc6 12. Nb3 e6 13. Ne5 Ncxe5 14. Bxe5 f6
15. Bg3 Kf7 16. O-O Nxc5 17. Nxc5 Bxc5 18. c4 b5 19. cxb5 Qd7 20. Rac1 axb5 21.
Qh4 Ra4 22. Qh6 Bf8 23. Qh3 Bd6 24. a3 h5 25. Rc2 Rc4 26. Rxc4 bxc4 27. Bxd6
Qxd6 28. Qf3 Rb8 29. Qe2 Qb6 30. Rb1 Qb3 31. e4 d4 32. Qd2 e5 33. f4 c3 34. Qf2
c2 35. Re1 d3 36. fxe5 Qb6 37. e6+ Kxe6 0-1

[Event "Top Jeunes"]
[Site "Montpellier"]
[Date "2010.11.21"]
[Round "1.2"]
[White "Fuhrmann, Valentin"]
[Black "Allamel, Benjamin"]
[Result "1-0"]
[WhiteElo "1868"]
[BlackElo "1531"]
[PlyCount "77"]

1. d4 d6 2. c4 Nf6 3. Nc3 g6 4. e4 Bg7 5. Nf3 O-O 6. Be2 Nbd7 7. O-O e5 8. d5
Nc5 9. Qc2 a5 10. Ne1 b6 11. f3 Bd7 12. Be3 Na6 13. a3 Be8 14. Nd3 Nc5 15. b4
Nxd3 16. Bxd3 axb4 17. axb4 Bd7 18. c5 bxc5 19. bxc5 dxc5 20. Bxc5 Re8 21. Nb5
Rxa1 22. Rxa1 Qc8 23. Na7 Qd8 24. Rc1 Bf8 25. Bxf8 Kxf8 26. Qxc7 Qxc7 27. Rxc7
Ke7 28. Bb5 Kd6 29. Bxd7 Kxc7 30. Bxe8 Nxe8 31. Nc6 Nd6 32. Nxe5 f6 33. Nc6 Nf7
34. Kf2 Ne5 35. Nxe5 fxe5 36. Kg3 Kd6 37. Kg4 h6 38. h4 Ke7 39. h5 1-0

[Event "Top Jeunes"]
[Site "Montpellier"]
[Date "2010.11.21"]
[Round "1.3"]
[White "Agussol, Lucas"]
[Black "Bandet, Raphael"]
[Result "0-1"]
[WhiteElo "1586"]
[BlackElo "1764"]
[PlyCount "56"]

1. Nf3 d5 2. d4 Nf6 3. Bg5 e6 4. e3 Nbd7 5. Bd3 c5 6. c3 Be7 7. Nbd2 O-O 8. Qe2
Re8 9. O-O b6 10. e4 dxe4 11. Nxe4 Bb7 12. Nxf6+ Nxf6 13. Bb5 Rf8 14. Rad1 Nd5
15. Bxe7 Qxe7 16. Bc4 Rfe8 17. Bxd5 Bxd5 18. c4 Bb7 19. Rfe1 cxd4 20. Rxd4 Rad8
21. Red1 Rxd4 22. Rxd4 Qc5 23. Rh4 Rd8 24. Qc2 h6 25. Nd2 Qg5 26. g3 Qxd2 27.
Qxd2 Rxd2 28. b4 Rd1# 0-1

[Event "Top Jeunes"]
[Site "Montpellier"]
[Date "2010.11.21"]
[Round "1.4"]
[White "Dombre, Antoine"]
[Black "Arnaud-Audiffren, Alexandre"]
[Result "0-1"]
[WhiteElo "1625"]
[BlackElo "1519"]
[PlyCount "74"]

1. d4 Nf6 2. c4 e6 3. Nc3 Bb4 4. Bd2 d5 5. e3 Nbd7 6. Nf3 b6 7. Bd3 Bb7 8. O-O
O-O 9. Qe2 Bd6 10. Rac1 c5 11. h3 Re8 12. Rfd1 e5 13. dxe5 Nxe5 14. Nxe5 Bxe5
15. cxd5 Nxd5 16. Nxd5 Qxd5 17. f3 Bxb2 18. Rc2 Bf6 19. Bc3 Bxc3 20. Bxh7+ Kxh7
21. Rxd5 Bxd5 22. Rxc3 Rad8 23. Ra3 Rd7 24. Qd3+ g6 25. Qd2 Red8 26. Rd3 Be6
27. Rxd7 Rxd7 28. Qc2 c4 29. e4 b5 30. Kf2 b4 31. g4 b3 32. axb3 cxb3 33. Qb1
a5 34. Ke3 a4 35. Qa1 Rb7 36. Kd3 b2 37. Qb1 Ba2 0-1

[Event "Top Jeunes"]
[Site "Montpellier"]
[Date "2010.11.21"]
[Round "1.5"]
[White "Sambuc, David"]
[Black "Bianchi, Tobias"]
[Result "0-1"]
[WhiteElo "1310"]
[BlackElo "1610"]
[PlyCount "106"]

1. e4 c5 2. d4 cxd4 3. Qxd4 Nc6 4. Qe3 d6 5. Bb5 Bd7 6. Bxc6 Bxc6 7. Nf3 Nf6 8.
Nc3 g6 9. O-O Bg7 10. Bd2 O-O 11. Qe2 Qc7 12. Bf4 Nh5 13. Bg5 h6 14. Bd2 Qd7
15. Rad1 Rac8 16. Rc1 Kh7 17. b3 Bxc3 18. Bxc3 Bb5 19. Qe3 Bxf1 20. Kxf1 Qb5+
21. Kg1 Qc5 22. Qxc5 dxc5 23. Bb2 Nf4 24. Kf1 c4 25. Ba3 cxb3 26. axb3 Rc7 27.
g3 Ne6 28. h4 Nc5 29. Nd2 Rfc8 30. Nc4 Nxe4 31. Ke2 b5 32. Ne3 e6 33. Bb4 Nc3+
34. Bxc3 Rxc3 35. Nd1 Rxc2+ 36. Rxc2 Rxc2+ 37. Ke3 Kg7 38. Kf3 a5 39. Ne3 Rc3
40. Ke4 Rxb3 41. Nc2 Rb2 42. Nd4 b4 43. f3 a4 44. Nc6 b3 45. Nb4 a3 46. Nd3 a2
47. Nxb2 a1=Q 48. Nc4 Qc3 49. Ne3 b2 50. Nd1 Qc2+ 51. Ke3 b1=Q 52. Nf2 Qbb3+
53. Kf4 Qf5# 0-1

[Event "Top Jeunes"]
[Site "Montpellier"]
[Date "2010.11.21"]
[Round "1.6"]
[White "Lavault, Jeremie"]
[Black "Marty, Pierre-Michel"]
[Result "1-0"]
[WhiteElo "1460"]
[BlackElo "1160"]
[PlyCount "67"]

1. d4 d5 2. c4 dxc4 3. Nc3 Nc6 4. Nf3 Bg4 5. e3 e6 6. Bxc4 Bb4 7. O-O Nf6 8.
Bd2 Qd6 9. a3 Bxc3 10. Bxc3 Bxf3 11. Qxf3 h5 12. Rfd1 Ng4 13. g3 h4 14. Qxg4 f5
15. Qxg7 O-O-O 16. Qf6 h3 17. Qxe6+ Rd7 18. Qxd6 Rxd6 19. d5 Rhd8 20. b4 Ne7
21. Be5 Rh6 22. Rac1 Rh5 23. Be2 Rh6 24. Rxc7+ Kb8 25. Rxe7+ Ka8 26. Rc1 Rhh8
27. Bxh8 a6 28. Bd4 b5 29. Bb6 f4 30. Bxd8 Kb8 31. exf4 a5 32. Bxb5 axb4 33.
axb4 Ka8 34. Rc8# 1-0

[Event "Top Jeunes"]
[Site "Montpellier"]
[Date "2010.11.21"]
[Round "1.7"]
[White "Willems, Niels"]
[Black "Lavault, Samuel"]
[Result "1-0"]
[WhiteElo "1670"]
[BlackElo "1520"]
[PlyCount "95"]

1. c4 c5 2. Nc3 Nc6 3. g3 d6 4. Bg2 Bd7 5. Nf3 Nf6 6. O-O g6 7. d4 cxd4 8. Nxd4
Bg7 9. Bg5 O-O 10. Qd2 Rc8 11. Nxc6 Bxc6 12. Bh6 Bxg2 13. Kxg2 Rxc4 14. Bxg7
Kxg7 15. b3 Rc6 16. Nd5 e6 17. Nxf6 Qxf6 18. Rac1 Rfc8 19. Rxc6 Rxc6 20. Rc1
Qe5 21. Rxc6 bxc6 22. Qc2 Qc5 23. Qxc5 dxc5 24. Kf3 Kf6 25. Ke4 e5 26. f3 h5
27. Kd3 Ke6 28. e4 g5 29. Kc4 Kd6 30. a3 a6 31. a4 a5 32. h3 f6 33. h4 gxh4 34.
gxh4 Ke6 35. Kxc5 f5 36. Kxc6 fxe4 37. fxe4 Ke7 38. Kb5 Kd6 39. Kxa5 Kc5 40.
b4+ Kd4 41. b5 Kxe4 42. b6 Kf3 43. b7 e4 44. b8=Q e3 45. Qb7+ Kf2 46. Qf7+ Ke1
47. Qxh5 e2 48. Qxe2+ 1-0

[Event "Top Jeunes"]
[Site "Montpellier"]
[Date "2010.11.21"]
[Round "1.8"]
[White "Barbe Asensio, Cyrielle"]
[Black "Lary, Damien"]
[Result "1-0"]
[WhiteElo "1390"]
[BlackElo "1410"]
[PlyCount "77"]

1. b3 e5 2. Bb2 Nc6 3. e4 Nf6 4. d3 Bc5 5. Nf3 d6 6. Be2 O-O 7. O-O Be6 8. Nbd2
Re8 9. c4 Nh5 10. Ne1 Nf4 11. Bg4 Qg5 12. Bxe6 Qxg2+ 13. Nxg2 Nxg2 14. Kxg2
Rxe6 15. Nf3 Rg6+ 16. Kh1 Re8 17. d4 exd4 18. Bxd4 Bxd4 19. Nxd4 Rxe4 20. Nxc6
bxc6 21. Re1 Rxe1+ 22. Qxe1 Re6 23. Qf1 d5 24. Re1 Rxe1 25. Qxe1 Kf8 26. cxd5
cxd5 27. Qb4+ Ke8 28. Qb5+ Ke7 29. Qxd5 Kf6 30. Kg2 a6 31. Kf3 Kg6 32. Kg4 f6
33. f4 h6 34. Qf5+ Kf7 35. Qd7+ Kg8 36. Kh5 Kh7 37. Qd3+ Kg8 38. Kg6 f5 39.
Qd8# 1-0

[Event "Top Jeunes"]
[Site "Montpellier"]
[Date "2010.11.21"]
[Round "1.9"]
[White "Lary, Damien"]
[Black "Willems, Niels"]
[Result "0-1"]
[WhiteElo "1410"]
[BlackElo "1670"]
[PlyCount "92"]

1. e4 c6 2. d4 d5 3. Nc3 dxe4 4. Nxe4 Bf5 5. Ng5 h6 6. N1f3 hxg5 7. Bxg5 g6 8.
Bc4 Bg7 9. O-O Nf6 10. c3 Qc7 11. Ne5 Kf8 12. Bxf7 Nbd7 13. Bxg6 Nxe5 14. dxe5
Bxg6 15. Bxf6 Bxf6 16. Qg4 Qxe5 17. f4 Qh5 18. Qg3 Kf7 19. Rad1 Qh4 20. Qxh4
Rxh4 21. g3 Rh3 22. Kg2 Rah8 23. Rh1 Be4+ 24. Kf2 Bxh1 25. Rxh1 Rxh2+ 26. Rxh2
Rxh2+ 27. Ke3 Rxb2 28. a3 Bxc3 29. Kd3 Rb3 30. a4 Ba5+ 31. Kc4 Rc3+ 32. Kd4 c5+
33. Ke4 Rxg3 34. f5 e6 35. fxe6+ Kxe6 36. Kf4 Bc7+ 37. Ke4 Rg4+ 38. Kd3 c4+ 39.
Kc3 Ba5+ 40. Kb2 Bb4 41. Kc2 Rg2+ 42. Kb1 c3 43. Kc1 Kd5 44. a5 Ba3+ 45. Kb1
c2+ 46. Ka1 c1=R# 0-1

[Event "Top Jeunes"]
[Site "Montpellier"]
[Date "2010.11.21"]
[Round "1.10"]
[White "Lavault, Samuel"]
[Black "Barbe Asensio, Cyrielle"]
[Result "1-0"]
[WhiteElo "1520"]
[BlackElo "1390"]
[PlyCount "121"]

1. e4 b6 2. Nf3 Bb7 3. Nc3 e6 4. d3 Bb4 5. Bd2 Ne7 6. a3 Bxc3 7. Bxc3 O-O 8.
Be2 d5 9. exd5 exd5 10. O-O Re8 11. Qd2 Ng6 12. Rfe1 Nd7 13. d4 c5 14. dxc5
Nxc5 15. Bb5 Rxe1+ 16. Rxe1 Qd6 17. Qd4 Qf6 18. Qxf6 gxf6 19. Bxf6 Ne4 20. Bd4
a6 21. Bd3 b5 22. Bxe4 dxe4 23. Ng5 Re8 24. f3 f5 25. b3 h6 26. Nh3 a5 27. b4
a4 28. c3 f4 29. Kf2 e3+ 30. Ke2 Kf7 31. Kd3 Bd5 32. Kc2 Bc4 33. Ng1 Nh4 34. g3
Nf5 35. gxf4 Nxd4+ 36. cxd4 Kf6 37. d5 Bxd5 38. Kd3 Bc4+ 39. Kd4 Kf5 40. Rxe3
Rxe3 41. Kxe3 h5 42. Nh3 h4 43. Ng5 Kf6 44. Ne4+ Ke6 45. Nd2 Kf5 46. Nxc4 bxc4
47. b5 Ke6 48. Kd4 Kd6 49. Kxc4 Kc7 50. f5 Kd7 51. f6 Ke6 52. b6 Kxf6 53. b7
Ke7 54. b8=Q Kf6 55. Qf4+ Ke6 56. Kd4 Ke7 57. Qf5 Ke8 58. Qh7 Kd8 59. Kc5 Kc8
60. Kc6 Kb8 61. Qb7# 1-0

[Event "Top Jeunes"]
[Site "Créteil"]
[Date "20.??.??"]
[Round "1.1"]
[White "Gueriche, Guillaume"]
[Black "Loiseau, Quentin"]
[Result "1/2-1/2"]
[WhiteElo "2055"]
[BlackElo "2219"]
[PlyCount "152"]
[EventDate "20.??.??"]
[WhiteTeam "Lyon"]
[BlackTeam "Créteil"]

1. d4 Nf6 2. c4 g6 3. Nc3 Bg7 4. e4 d6 5. h3 O-O 6. Nf3 e5 7. d5 Nh5 8. g4 Nf4
9. Ne2 Na6 10. Nxf4 exf4 11. Qc2 Nc5 12. Bxf4 Qf6 13. Qd2 Re8 14. Be2 Rxe4 15.
Be3 Qxb2 16. Qxb2 Bxb2 17. Rb1 Bc3+ 18. Kf1 b6 19. Kg2 Ba6 20. Rhc1 Bg7 21. Nd2
Re7 22. Bf1 Rae8 23. Nb3 Ne4 24. Rc2 Bf6 25. Nd4 Bb7 26. a3 Kg7 27. Re1 h6 28.
Rb1 Bg5 29. Bxg5 Nxg5 30. f3 Nh7 31. Kf2 Nf6 32. Rd2 a5 33. Nb5 Ba6 34. Nd4 Nd7
35. Re2 Ne5 36. Rc2 Nd7 37. Re2 Nc5 38. Rxe7 Rxe7 39. h4 Bc8 40. Nb5 Kf6 41.
Rb2 Na6 42. Nd4 Bd7 43. Rb1 Nc5 44. Rb2 Ba4 45. Be2 Ke5 46. Rd2 Nb3 47. Nxb3
Bxb3 48. Rd3 Kf4 49. Rxb3 f6 50. a4 f5 51. gxf5 gxf5 52. Rd3 Rg7 53. Re3 Rg2+
54. Kxg2 Kxe3 55. Kf1 Kd2 56. f4 Ke3 57. h5 Kxf4 58. Kf2 Ke4 59. Bf1 Kf4 60.
Bd3 Kg5 61. Ke3 f4+ 62. Ke4 f3 63. Ke3 Kxh5 64. Kxf3 Kg5 65. Bb1 h5 66. Bc2 h4
67. Bh7 h3 68. Kg3 Kf6 69. Kf4 h2 70. Be4 Ke7 71. Kg5 Ke8 72. Bf3 Ke7 73. Kf5
Kf7 74. Bh1 Ke7 75. Be4 Kf7 76. Bf3 Ke7 1/2-1/2

[Event "Top Jeunes"]
[Site "Créteil"]
[Date "20.??.??"]
[Round "1.2"]
[White "Rouffignac, Tanguy"]
[Black "Malka, Samuel"]
[Result "1/2-1/2"]
[WhiteElo "1922"]
[BlackElo "1966"]
[PlyCount "56"]
[EventDate "20.??.??"]
[WhiteTeam "Créteil"]
[BlackTeam "Lyon"]

1. e4 c5 2. Nf3 d6 3. d4 cxd4 4. Nxd4 Nf6 5. Nc3 g6 6. Be3 Bg7 7. Be2 Nc6 8.
Qd2 Ng4 9. Bxg4 Bxg4 10. f3 Bd7 11. Nxc6 bxc6 12. Bh6 Bxh6 13. Qxh6 Rb8 14.
O-O-O Qb6 15. b3 Be6 16. Rhe1 Qb4 17. Kb2 a5 18. Qg7 Kd7 19. Qd4 Qxd4 20. Rxd4
Rb4 21. Red1 Rxd4 22. Rxd4 Kc7 23. Ne2 h5 24. Nf4 Bd7 25. Rd2 e5 26. Nd3 f6 27.
c4 Be6 28. Kc3 g5 1/2-1/2

[Event "Top Jeunes"]
[Site "Créteil"]
[Date "20.??.??"]
[Round "1.3"]
[White "Gerstenkorn, Jim-David"]
[Black "Pruvot, Louis"]
[Result "0-1"]
[WhiteElo "1460"]
[BlackElo "1898"]
[PlyCount "52"]
[EventDate "20.??.??"]
[WhiteTeam "Lyon"]
[BlackTeam "Créteil"]

1. d4 d5 2. c4 e6 3. Nc3 c6 4. e3 Nf6 5. Nf3 Nbd7 6. Bd3 Be7 7. O-O O-O 8. a3
dxc4 9. Bxc4 b5 10. Be2 a6 11. e4 c5 12. d5 exd5 13. Nxd5 Nxe4 14. Re1 Ndf6 15.
Nxe7+ Qxe7 16. Bd3 Bb7 17. Ng5 Qd6 18. Qf3 Nxg5 19. Qf5 Ne6 20. Re3 Qd5 21. Qh3
Nf4 22. Qf3 Qxf3 23. gxf3 N6d5 24. Bxh7+ Kxh7 25. Re5 f6 26. Re1 Rfe8 0-1

[Event "Top Jeunes"]
[Site "Créteil"]
[Date "20.??.??"]
[Round "1.4"]
[White "Mohammad, Fahim"]
[Black "Caslani, Nicolas"]
[Result "0-1"]
[WhiteElo "1866"]
[BlackElo "1698"]
[PlyCount "68"]
[EventDate "20.??.??"]
[WhiteTeam "Créteil"]
[BlackTeam "Lyon"]

1. d4 Nf6 2. Nf3 g6 3. c4 Bg7 4. Nc3 d5 5. cxd5 Nxd5 6. e4 Nxc3 7. bxc3 O-O 8.
Be2 c5 9. O-O cxd4 10. cxd4 Bg4 11. Be3 Nc6 12. e5 Qa5 13. h3 Be6 14. Ng5 Bd5
15. Bf3 Rad8 16. Ne4 Nxe5 17. dxe5 Bxe4 18. Qb3 Bxf3 19. gxf3 Bxe5 20. Rab1 Bd4
21. Qb4 Qe5 22. f4 Qf6 23. Qxb7 Bxe3 24. fxe3 Qh4 25. Qf3 Rd2 26. Rb7 Rxa2 27.
Rfb1 Kg7 28. e4 Rc8 29. R7b2 Rxb2 30. Rxb2 Qe1+ 31. Kg2 Rc1 32. Qf2 Qxe4+ 33.
Kg3 Rc3+ 34. Kh2 Rf3 0-1

[Event "Top Jeunes"]
[Site "Créteil"]
[Date "20.??.??"]
[Round "1.5"]
[White "Guedon, Sosthene"]
[Black "Chevalier, Ezio"]
[Result "0-1"]
[WhiteElo "1599"]
[BlackElo "1640"]
[PlyCount "83"]
[EventDate "20.??.??"]
[WhiteTeam "Lyon"]
[BlackTeam "Créteil"]

1. e4 d5 2. exd5 Qxd5 3. Nc3 Qd6 4. d4 Nf6 5. Nf3 a6 6. Bc4 b5 7. Bb3 e6 8. O-O
Be7 9. Ne2 Bb7 10. Bf4 Qb6 11. Ne5 O-O 12. c4 c5 13. dxc5 Bxc5 14. Qc2 Nc6 15.
Nf3 Nb4 16. Qc1 Ng4 17. Bg3 Nd3 18. Qd2 Bxf2+ 19. Bxf2 Ngxf2 20. Ned4 Bxf3 21.
Rxf2 Qxd4 22. gxf3 Rfd8 23. Rd1 bxc4 24. Bc2 Qxb2 25. Bxd3 Qxd2 26. Rfxd2 Rxd3
27. Rxd3 cxd3 28. Rxd3 Kf8 29. Kf2 Rc8 30. Ra3 Rc6 31. Ke3 Ke7 32. Kd4 f5 33.
f4 Kf6 34. Ra5 g5 35. Ke3 Rd6 36. a4 h5 37. h3 gxf4+ 38. Kxf4 e5+ 39. Ke3 Re6
40. h4 Rd6 41. Kf3 f4 42. Ke4 0-1

[Event "Top Jeunes"]
[Site "Créteil"]
[Date "20.??.??"]
[Round "1.6"]
[White "Amghar, Ismael"]
[Black "Muller, Martial"]
[Result "1-0"]
[WhiteElo "1600"]
[BlackElo "1250"]
[PlyCount "49"]
[EventDate "20.??.??"]
[WhiteTeam "Créteil"]
[BlackTeam "Lyon"]

1. e4 e5 2. Nf3 Nc6 3. Bb5 a6 4. Ba4 b5 5. Bb3 Na5 6. O-O d6 7. d4 Bb7 8. dxe5
dxe5 9. Qxd8+ Rxd8 10. Nxe5 Bxe4 11. Bxf7+ Ke7 12. Bxg8 Rxg8 13. Bg5+ Ke8 14.
Bxd8 Kxd8 15. c3 Nc6 16. Nxc6+ Bxc6 17. Nd2 h6 18. Rad1 Bd6 19. Rfe1 g5 20. a4
h5 21. Ne4 Kd7 22. Nf6+ Kc8 23. Nxg8 h4 24. Nf6 Bb7 25. Re8# 1-0

[Event "Top Jeunes"]
[Site "Créteil"]
[Date "20.??.??"]
[Round "1.7"]
[White "Jrade, Sidney"]
[Black "Le, Quan Anh"]
[Result "0-1"]
[WhiteElo "1250"]
[BlackElo "1420"]
[PlyCount "142"]
[EventDate "20.??.??"]
[WhiteTeam "Lyon"]
[BlackTeam "Créteil"]

1. e4 e5 2. Nf3 Nc6 3. Nc3 Nf6 4. Bb5 d6 5. Bxc6+ bxc6 6. O-O c5 7. Nd5 Nxd5 8.
exd5 Be7 9. d3 h6 10. c3 O-O 11. d4 Bg4 12. Be3 e4 13. h3 exf3 14. hxg4 fxg2
15. Kxg2 Bg5 16. f4 Be7 17. Rh1 cxd4 18. cxd4 c5 19. dxc5 dxc5 20. Rc1 Qd6 21.
Rh5 Rab8 22. Qd2 Bf6 23. Bxc5 Rxb2 24. Rc2 Rxc2 25. Qxc2 Qxf4 26. Rf5 Qxg4+ 27.
Kf1 Re8 28. Rf2 Qh3+ 29. Rg2 Qh1+ 30. Bg1 Qh4 31. Bf2 Qf4 32. Qc6 Qe5 33. Bg3
Qa1+ 34. Kf2 Qxa2+ 35. Kg1 Qb1+ 36. Kh2 Qe4 37. Rg1 Rd8 38. Re1 Qf5 39. Bc7
Qf2+ 40. Kh3 Qh4+ 41. Kg2 Qxe1 42. Bxd8 Bxd8 43. Qd7 Qe7 44. Qc6 Kh7 45. Qc2+
g6 46. Qc6 Qe2+ 47. Kg3 Qe3+ 48. Kg2 Qe2+ 49. Kg3 Qe5+ 50. Kf3 Qh5+ 51. Kf4
Bg5+ 52. Ke5 Bd2+ 53. Kd4 a5 54. Qc2 Bb4 55. Qa4 Qg4+ 56. Ke5 Bc3+ 57. Kd6 Qxa4
58. Ke7 Bb4+ 59. d6 Bxd6+ 60. Kxd6 Qb4+ 61. Kd7 f5 62. Ke6 Qe4+ 63. Kf6 Qf4 64.
Ke6 Kg7 65. Kd5 Kf6 66. Kc5 Qd2 67. Kc4 Ke5 68. Kb3 Qc1 69. Ka4 Kd5 70. Kb5
Qc5+ 71. Ka4 Qb4# 0-1